000
00315nam a22001337a 4500
008
190227b xxu||||| |||| 00| 0 eng d
020
_a
0824780841
041
_a
eng
080
_2
2nd
_a
616.12
100
_a
7
101
_a
KARD
245
_a
Silent Myocardial Ischemia and Infarction
_c
Cohn,P.F
942
_2
udc
_c
BK
999
_c
54335
_d
54335